000 00713nam a22001937a 4500
999 _c16547
_d16547
003 AR-CdUCM
008 190503b ||||| |||| 00| 0 spa d
040 _aMUNICIPALIDAD PROVINCIAL DEL CUSCO
_cBIBLIOTECA MUNICIPAL DEL CUSCO
082 _a574.5 /
_bD98
100 _aDuvigneaud, P.
_936049
245 _aLa síntesis ecológica /
260 _aMadrid :
_bAlhambra,
_c1978.
300 _a299 paginas ;
_bIlustraciones, graficos,
_c19 cm.
505 _aContenido :La población --La comunidad -El ecosistema --Flujo de energía y productividad de los ecosistemas --El ecosistema en acción ...
650 _aEcología
_94960
650 _aEcosistema
_936050
942 _2ddc
_cLIBROS
945 _arjall
_d2019-05-03